Driver numbers F1 2026 - Statistics

General Stats
  • This quiz has been taken 177 times
    96 since last reset
  • The average score is 21 of 22
Answer Stats
Hint Team Answer % Correct
Lando Norris Mclaren 1
100%
Charles Leclerc Ferrari 16
100%
Max Verstappen Red Bull 3
100%
Isack Hadjar Red Bull 6
100%
Sergio Perez Cadillac 11
98%
Andrea Kimi Antonelli Mercedes 12
98%
Gabriel Bortoleto Audi 5
98%
Pierre Gasly Alpine 10
97%
Fernando Alonso Aston Martin 14
97%
Lance Stroll Aston Martin 18
97%
Alex Albon Williams 23
97%
Nico Hulkenburg Audi 27
97%
George Russell Mercedes 63
97%
Oscar Piastri Mclaren 81
97%
Esteban Ocon Haas 31
95%
Lewis Hamilton Ferrari 44
95%
Carlos Sainz Williams 55
95%
Valtteri Bottas Cadillac 77
95%
Liam Lawson RB 30
93%
Arvid Lindblad RB 41
93%
Ollie Bearman Haas 87
93%
Franco Colapinto Alpine 43
92%
No matching quizzes found
Score Distribution
Percent of People with Each Score
Percentile by Number Answered
Your Score History
You have not taken this quiz since the last reset